LEADER 00998nam a2200193 i 4500 001 000000023229 003 CaOOAMICUS 005 20180830125446.0 008 180830s1981 xxc u000 u und u 040 $aSeMil$bita 100 1 $aFedwick, Paul Jonathan.$0(OLS)http://semarc/name/407 245 10$aBasil of Caesarea: christian, humanist, ascetic :$ba Sixteen-Hundredth Anniversary Symposium /$cEdited by Paul Jonathan Fedwick. 260 $aToronto :$bPontifical institute of Mediaeval studies,$c1981. 300 $a2 v. ;$c26 cm. 600 04$aBasilio : di Cesarea .$0(OLS)http://semarc/subject/66 774 0 $aFedwick, Paul Jonathan$tPart One.$z0-88844-412-5$w()188286 774 0 $aFedwick, Paul Jonathan$tPart Two.$z0-88844-412-5$w()188288 996 $6245$aBasil of Caesarea: christian, humanist, ascetic :$ba Sixteen-Hundredth Anniversary Symposium$9(OLS)http://semarc/title/31147 996 $6260$aToronto :$bPontifical institute of Mediaeval studies$9(OLS)http://semarc/publisher/35501 LEADER 01101nam a2200289 i 4500 001 000000107080 003 CaOOAMICUS 005 20030220000000.0 008 030220s1995 it u000 u ita u 013 $a79296 020 $a88-8049-002-8 040 $aSeMil$bita 245 10$aBiblia pauperum /$ca cura di Santino Corsi ; con una introduzione di Pier Giorgio Pasini. 260 $aRimini :$bGuaraldi,$ccopyr. 1995. 300 $a183 p. :$bill. ;$c33 cm. 490 0 $aGrandi Strenne 500 $aFondo Card. C.M. Martini. 700 1 $aPasini, Pier Giorgio.$0(OLS)http://semarc/name/45041 700 1 $aCorsi, Santino.$0(OLS)http://semarc/name/45040 830 0$aGrandi Strenne.$0(OLS)http://semarc/title/11492 850 $aSeMil 852 $aSeMil$W1$xVenegono$y1$m5P XI 27$j63177$B63177$CSeMilBibl$Z2$F103570 $8I 941 1 $a4 961 $aOmaggio: Martini Card. Carlo Maria 996 $6020$a88-8049-002-8$9(OLS)http://semarc/number/87932 996 $6245$aBiblia pauperum$9(OLS)http://semarc/title/155279 996 $6260$aRimini :$bGuaraldi$9(OLS)http://semarc/publisher/32324